| 000 | 00828nam a2200217 a 4500 | ||
|---|---|---|---|
| 005 | 20230209063720.0 | ||
| 008 | 991125 000 0 spa u | ||
| 035 | _aUPN01000017713 | ||
| 049 | _aF | ||
| 050 | 4 |
_aLA421.8 _bF4.4 |
|
| 100 | 1 |
_aFell, Claude _935621 |
|
| 245 | 1 | 3 |
_aLa educación nacional mexicana en 1919 / _cClaude Fell |
| 300 | _ap. 3-21 | ||
| 500 | _aEn: La influencia soviética en la educación mexicana / Claude Fell. -- México : Movimiento, 1980 | ||
| 500 | _aTítulo de la cubierta: Organización de sistemas educativos: lectura no. I-7 | ||
| 500 | _aA la cabeza de la cubierta: Universidad Pedagógica Nacional. Area de Investigación. Maestrías | ||
| 500 | _aFotocopia | ||
| 650 | 4 |
_aEducación _zMéxico _xHistoria _9187 |
|
| 710 | 2 | _aUniversidad Pedagógica Nacional (México) | |
| 905 | _aLibro | ||
| 999 |
_c17713 _d17713 |
||